| 000 | 00913nam a2200229 a 4500 | ||
|---|---|---|---|
| 001 | BRCA_934 | ||
| 005 | 20190320203218.0 | ||
| 008 | 850830s1984 sp-a---##b---f001-0#spa-# | ||
| 020 | _a8400058704 (Obra completa) | ||
| 040 |
_aDLC _cDLC _dDLC |
||
| 050 | 4 |
_aNK5962 _b.E78 1984 |
|
| 100 | 1 |
_aEstella Marcos, Margarita M. _93081 |
|
| 245 | 1 | 0 |
_aLa escultura barroca de marfil en España _blas escuelas europeas y las coloniales _cMargarita M. Estella Marcos. |
| 260 |
_aMadrid _bConsejo Superior de Investigaciones Científicas : Instituto Diego Velázquez _c1984 |
||
| 300 |
_a2 v. _bil. _c24 cm. |
||
| 500 | _aIncluye índice de artistas e índice iconográfico (v.2) | ||
| 504 | _aIncluye referencias bibliográficas | ||
| 505 | 0 | _aContenido : v.1. Texto y láminas. -- v.2. Catálogo | |
| 650 | 1 | 4 |
_aMarfiles barrocos _vCatálogos _zEspaña _93082 |
| 650 | 1 | 4 |
_aMarfiles _vCatálogos _zEspaña _93083 |
| 942 |
_2lcc _cB |
||
| 999 |
_c823 _d823 |
||